| 000 | 00588nam a2200241Ia 4500 | ||
|---|---|---|---|
| 003 | OSt | ||
| 005 | 20230401093124.0 | ||
| 008 | 210423s2008 xx 000 0 und d | ||
| 020 | _a8187359447 | ||
| 040 | _cAL | ||
| 041 | _aeng | ||
| 082 | _a337 CARR | ||
| 100 |
_aCARBAUGH (Robert J) _981366 |
||
| 245 | _aInternational economics | ||
| 250 | _a11 | ||
| 260 |
_aAustralia _bThomson _c2008 |
||
| 300 |
_axxi,553 _bPB |
||
| 365 |
_b415 _cINR |
||
| 650 |
_aEconomics _981367 |
||
| 650 |
_aInternational Economics _981368 |
||
| 906 | _aeconomics ; International | ||
| 942 |
_2ddc _cBK |
||
| 999 |
_c157776 _d157776 |
||